000 00469nam a2200181Ia 4500
001 14793
005 20260306164940.0
008 260306t2011||||xx |||||||||||||| ||spa||
041 _aESP
082 _a519.3
_bB24
100 _aBarbolla, Rosa
_eAUT
245 0 _aOptimización:
_bprogramación matemática y aplicaciones a la economía
260 _c2011
300 _axiii, 432 páginas :
_c26 cm.
650 _aGEN
654 _aCMA
942 _cLIB
_dJUS
_fJUS
_2ddc
_n
999 _c14793
_d14793